000 00611nam a22001817a 4500
999 _c191350
_d191350
005 20220824162154.0
010 _aENG-134639
020 _a9789387306011
_c700.00
035 _aEN-118171
037 _bDBAD/PUB
082 _a250.7
100 _aYadav, Dev Narain
245 _aA Sketch of Early Buddhism:
_bA Historical Survey of Buddhology, Buddhist Schools & Sanghas/
_cDev Narain Yadav
260 _aVaranasi
_bPrachya Vidya Bhawan
_c2018
270 _aB5/25 Oudhgarvi, Sonarpura
_bVaranasi
_e221001
_mprachyavb@gmail.com
300 _av, 164p.
_c22cm(hb)
942 _2ddc
_cEN
_h250.7
_mYAD